Karthago : Eine Statte von Kulturellem und Naturlichem Wert /

محفوظ في:

المؤلف الرئيسي: Ennabli, Abdelmajid (مؤلف)

مؤلفون آخرون: Khechine, Abderrazak.

التنسيق: كتاب

اللغة: German

منشور في: Sousse, Tunisia : Contraste Editions, 2001.

الطبعة: 2nd ed., rev. and augmented.

الموضوعات:

الوسوم: إضافة وسم

لا توجد وسوم, كن أول من يضع وسما على هذه التسجيلة!

رقم الطلب: DT168 .E42

LEADER 00888nam a22002657a 4500
003 OSt
005 20260420155922.0
008 260420t2001 ti ab b 000 0 ger d
020 |a 9973977955 
040 |c ARCE Library 
043 |a f-ti--- 
050 1 4 |a DT168  |b .E42 
100 1 |6 880-01  |a Ennabli, Abdelmajid,  |e author 
245 1 0 |a Karthago :  |b Eine Statte von Kulturellem und Naturlichem Wert /   |c Abdelmajid Ennabli. 
250 |a 2nd ed., rev. and augmented. 
264 1 |a Sousse, Tunisia :   |b Contraste Editions,   |c 2001. 
300 |a 63 pages :   |b ill. (chiefly col.), maps (some col.) ;   |c 29 cm. 
504 |a Includes bibliographical references (p. 60). 
651 0 |a Carthage (Extinct city)  |x History. 
651 0 |a Tunisia  |z Carthage (Extinct city) 
651 0 |a Tunisia   |x Antiquities. 
700 1 |a Khechine, Abderrazak. 
901 |a reviewed 
942 |c BK  |2 lcc 
999 |c 16682  |d 16682